00731 2200181 4500245004500000020002200045250001100067100001800078700002100096650001700117005001900134260003200153041001400185084000800199300002300207500031000230336000900540 aFriend Zone ForevercVivie HardikahText a978-602-7702-21-9 aCet. 1 aVivie Hardika aFatimah Azzahrah aNovel Remaja a20231010134253 aYogyakartabEazy Bookc2013 aIndonesia a813 a172 hlm. :c19 cm. aantara cewek dan cowok jarang terjadi persahabatan, raja, kataku kalem. kamunharus tau, banyak yang tidak percaya kalau cewek dengan cowo akan bersahabatan selamanya seperti kita. aku takut Chila termasuk dalam orang-orang tidak percaya itu. A guy and a girl can't be just friend, raja pernah dengar kan? atext